zpět

Detail výsledku týmu

Metro Music Pub, Most

Datum a čas kvízu

23 Celkem bodů Celkový počet nahraných bodů na tomto kvízu bez doplňovacích otázek.
7. Pořadí na kvízu Konečné umístění týmu na tomto kvízu.

Zaznamenané odpovědi

# Otázka Odpověď Body Výsledky
1. Fenomenální formu na play-off... Aleš Stezka 0
2. Jedním z nejprestižnějších svě... Sparta Praha, 2. místo 0.5
3. MS v ledním hokeji 2024 v Česk... Polsko 1
4. Pouhé 3 minuty a 49 sekund sta... Lukáš Rousek 0
5. Který tým se v sezóně 2022/23... HC Košice 0
6. Většina obsahu tohoto tématu n... dvakrát 0
7. Jak se jmenoval tento člen Sín... Bohumil Modrý 0
8. Kdo byl kapitánem českoslovens... František Pospíšil 1
9. Přiřaďte zaniklé týmy NHL vlev... 1D 2C 3B 4A 0
10. Která křestní jména měli legen... Jaroslav a Jiří 0.5